YATHARTH GEETA (Record no. 8423)

MARC details
000 -LEADER
fixed length control field 00395nam a22001577a 4500
005 - DATE AND TIME OF LATEST TRANSACTION
control field 20231004144013.0
008 - FIXED-LENGTH DATA ELEMENTS--GENERAL INFORMATION
fixed length control field 231004b |||||||| |||| 00| 0 eng d
020 ## - INTERNATIONAL STANDARD BOOK NUMBER
ISBN 81-89308-06-8
041 ## - LANGUAGE CODE
Language code of text/sound track or separate title eng
100 ## - MAIN ENTRY--AUTHOR NAME
Personal name MAHARAJ,SWAMI ADGADANANDJI
245 ## - TITLE STATEMENT
Title YATHARTH GEETA
260 ## - PUBLICATION, DISTRIBUTION, ETC. (IMPRINT)
Place of publication FARIDABAD
Name of publisher SHREE PARAMHANS ASHRAM
Year of publication 2023
300 ## - PHYSICAL DESCRIPTION
Number of Pages 472;p
650 ## - SUBJECT ADDED ENTRY--TOPICAL TERM
Topical Term LETERATURE
942 ## - ADDED ENTRY ELEMENTS (KOHA)
Koha item type Books
Holdings
Lost status Damaged status Collection code Home library Current library Shelving location Date acquired Source of acquisition Cost, normal purchase price Accession Number Koha item type
    Fiction JRU Library JRU Library SHELF-43-A 04/10/2023 DONATION 200.00 0022/D Books
    Fiction JRU Library JRU Library SHELF-43-A 04/10/2023 DONATION 200.00 0023/D Books